| 000 | 00676cam a2200193 4500 | ||
|---|---|---|---|
| 001 | BUCI016627 | ||
| 008 | t19991999mx a spa | ||
| 020 | _a9681654560 | ||
| 035 | _aBUCI016627 | ||
| 050 | 0 | 0 |
_aHD1289.M6 _bG67 1999 |
| 100 | 1 | _aGordillo de Anda, Gustavo | |
| 245 | 1 | 3 |
_aLa Segunda Reforma Agraria de México : _bRespuestas de familias y comunidades, 1990 - 1994 / _cGustavo Gordillo de Anda , Alain de Janury , Elisabeth Sadoulet. |
| 260 |
_aMéxico : _bEl Colegio de México, _c1999 |
||
| 300 |
_a247 p. ; _c23 cm |
||
| 504 | _aIncluye bibliografía | ||
| 700 | 1 | _aJanury, Alain de, coaut. | |
| 700 | 1 | _aSadoulet, Elisabet, coaut. | |
| 942 |
_2lcc _cLIB |
||
| 999 |
_c103343 _d103343 |
||